| 000 | 00965nam a2200229 i 4500 | ||
|---|---|---|---|
| 001 | 40063 | ||
| 003 | ES-MaACL | ||
| 005 | 20251105063128.0 | ||
| 007 | t| | ||
| 008 | 030305s1869 fr |||| | fre d | ||
| 100 | 1 |
_aCantù, Cesare, _d1804-1895 _934697 |
|
| 245 | 1 | 4 |
_aLes herétiques d'Italie / _cdiscours históriques de César Cantú ; traduit de l'italien par Anicet Digard et Edmond Martín. |
| 260 |
_aParis : _b[s.n., _c1869] ( _fSimon Raçon et Comp.) |
||
| 300 |
_a5 v. ; _c22 cm. |
||
| 505 | 8 |
_aContiene: I ; _tLa reforme en Italie, les précurseurs - II ; _tLe Concile de Trente - III ; _tLes suites du Concile de Trente - IV ; _tL'hérésie scientifique - V ; _tL'hérésie dans la Révolution |
|
| 650 | 4 |
_aHerejías- _zItalia- _vHistoria. _9164957 |
|
| 650 | 0 | 7 |
_aHistoria eclesiástica _2embne _913400 |
| 700 | 1 |
_aDigard, Anicet. _944794 |
|
| 700 | 1 |
_aMartín, Edmond. _977286 |
|
| 852 |
_aES-MaACL _jF-12967-71 |
||
| 999 |
_c40063 _d40063 |
||